| 000 | 02264nam0a2200433 i 4500 | ||
|---|---|---|---|
| 001 | RU\NLR\BIBL_A\011165605 | ||
| 005 | 20240921141230.0 | ||
| 010 |
_a9785774911318 _91000 |
||
| 021 |
_aRU _b2016-47261 _93041 |
||
| 035 | _a(NILC)RuMoRGB-008513447 | ||
| 035 | _a(NLR Aleph) 011165605 | ||
| 090 |
_a11739936 _c11739936 |
||
| 100 | _a20160624d2016 k y0rusy50 ca | ||
| 101 | 1 |
_arus _ceng |
|
| 102 | _aRU | ||
| 105 | _aa|||z|||000yy | ||
| 200 | 1 |
_aРеволюция трудолюбия _eпотребительское поведение и экономика домохозяйств с 1650 года до наших дней _fЯн де Фрис _gпер. с англ. Александра Матвеенко _gпод науч. ред. Андрея Володина _g[Рос. акад. нар. хоз-ва и гос. службы при Президенте Рос. Федерации] |
|
| 210 |
_aМосква _cДЕЛО _d2016 |
||
| 215 |
_a462, [1] с. _cил. _d24 |
||
| 300 | _aЗагл. и авт. ориг.: The industrious revolution / Jan de Vries | ||
| 300 | _aНа 4-й с. обл. авт.: Ян де Фрис, проф. истории и экономики в Калифорн. ун-те в Беркли | ||
| 320 | _aБиблиогр.: с. 429-463 и в подстроч. примеч. | ||
| 454 | 0 |
_12001#$aThe industrious revolution$fJan de Vries _1700#1$aVries$bJ. de$gJan de _tThe industrious revolution _aVries, Jan de |
|
| 606 | 1 |
_aДомашнее хозяйство _xЭкономика _92081338 _3RU\NLR\AUTH\661257316 |
|
| 606 | 1 |
_aТовары широкого потребления _xТорговля _xИстория _92288819 _3RU\NLR\AUTH\6601598512 |
|
| 606 | 1 |
_aПотребление _xИстория _yЗарубежные страны _92288837 _3RU\NLR\AUTH\6601598519 |
|
| 610 | 0 | _aпотребительское поведение домохозяйства | |
| 610 | 0 | _aтеория потребления | |
| 675 | _a330 | ||
| 686 | 1 | _aУ44(0)3 | |
| 686 | 1 | _aУ43(0)58-03 | |
| 686 | 1 | _aУ43(0)59-03 | |
| 686 | 1 | _aУ5-967 | |
| 700 | 1 |
_aФрис _bЯ. де _gЯн де |
|
| 801 | 0 |
_aRU _bРГБ _c20160608 _gRCR |
|
| 942 | _cBOOK | ||
| 980 | _aNBR | ||